000
00354nam a22001577a 4500
003
MPLRDC
005
20220104113740.0
008
210129b ||||| |||| 00| 0 eng d
082
_a
857.7 YQ v.57
100
_a
严沁
245
_a
大江东去
_c
260
_a
_b
蓝天书屋
_c
300
_b
平
650
_a
长篇小说
942
_c
BK
_o
857.7 YQ v.57
999
_c
2052
_d
2042